000 00381cam a2200157ua 4500
041 _aeng
_h
082 _a307.76
_bTUR/IN
100 _aTurner, Roy .
245 0 0 _aIndia`s urban future /
_cRoy Turner.
_hTextual Documents
250 _a1 /
_b.
260 _aMumbai :
_bOxford University Press ,
_c1962.
300 _a470 ; .
504 _a
942 _cBK
999 _c2260
_d2260